Marketingová stratégia podnikania
Gespeichert in:
| 1. Verfasser: | |
|---|---|
| Körperschaft: | |
| Format: | Buch |
| Sprache: | Slowakisch |
| Veröffentlicht: |
Bratislava
IPPR
1997
|
| Schlagworte: | |
| Tags: |
Keine Tags, Fügen Sie das erste Tag hinzu!
|
MARC
| LEADER | 00000nam$a2200000$$$4500 | ||
|---|---|---|---|
| 001 | 0055507 | ||
| 005 | 20240111125112.7 | ||
| 020 | |a 80-967876-0-8 | ||
| 041 | 0 | |a slo | |
| 044 | |a SK | ||
| 245 | 1 | 0 | |a Marketingová stratégia podnikania |c Viera Cibáková |
| 264 | 1 | |a Bratislava |b IPPR |c 1997 | |
| 300 | |a 100 s. | ||
| 610 | 2 | 0 | |a podnikanie |
| 610 | 2 | 0 | |a stratégia marketingová |
| 610 | 2 | 0 | |a marketing |
| 610 | 2 | 0 | |a organizácie |
| 610 | 2 | 0 | |a podnik |
| 610 | 2 | 0 | |a prognózovanie |
| 610 | 2 | 0 | |a marketing mix |
| 610 | 2 | 0 | |a hospodárstvo trhové |
| 610 | 2 | 0 | |a služby |
| 610 | 2 | 0 | |a formy podnikov |
| 100 | 1 | |a Cibáková, Viera | |
| 710 | 2 | |a Univerzita Komenského v Bratislave. Fakulta managementu | |